Statistics for D-Day Trivia

Click here to take the quiz!

General Stats

  • This quiz has been taken 94 times
  • The average score is 12 of 20

Answer Stats

HintAnswer% Correct
Omaha
98%
French region invadedNormandy
95%
Overall plan to liberate EuropeOperation {Overlord}
93%
Gold
91%
Juno
91%
Sword
91%
Allied supreme commanderDwight Eisenhower
85%
The beaches hitUtah
85%
British army group commanderBernard Montgomery
63%
Head commander of aboveErwin Rommel
63%
"The Longest Day"6 June 1944
60%
System of German fortificationsAtlantic Wall
56%
City finally captured on 21 JulyCaen
43%
Artificial, prefabricated harborsMulberrys
43%
Plan including Patton's fictitious armyOperation {Fortitude}
36%
Fortified point taken by US 2nd Ranger BattalionPointe du Hoc
32%
US leader of the First ArmyOmar Bradley
28%
Pocket formed by Patton's quick advanceFalaise Pocket
17%
Operation that broke out from the CotentinOperation {Cobra}
10%
Forest site of German armored counterattackMortain
2%

Score Distribution

Percentile by Number Answered

Percent of People with Each Score

Your Score History

You have not taken this quiz